| 000 | 01115nam a22003377a 4500 | ||
|---|---|---|---|
| 003 | CHAP | ||
| 005 | 20220817044353.0 | ||
| 008 | 100903s1955 mx r 00010 spa d | ||
| 010 | _a99190 | ||
| 011 | _a100162 | ||
| 035 | _a110848 | ||
| 040 | _cCHAP | ||
| 090 | _aFolleto 17760 | ||
| 110 | 1 |
_aMéxico. Secretaría de Agricultura y Ganadería _977111 |
|
| 245 | 1 | 0 |
_aPlan Agrícola Nacional _c/por México Secretaría de Agricultura y Ganadería |
| 260 |
_aCampeche : _bDirección Nacional de Agricultura, _c1955 |
||
| 300 | _a22 p. | ||
| 590 |
_aBATCH-UPD _b10 _c20130110 _lUCH01 _h0843 |
||
| 590 |
_aBATCH-UPD _b10 _c20130410 _lUCH01 _h0518 |
||
| 590 |
_aBATCH-UPD _b10 _c20130913 _lUCH01 _h2026 |
||
| 590 |
_aCONVERSION _b10 _c20130109 _lUCH01 _h1355 |
||
| 650 | 1 | 4 |
_aAgricultura _xCampeche. _91350 |
| 650 | 1 | 4 |
_aCultivos _xCampeche. _930237 |
| 650 | 1 | 4 |
_aPolítica agrícola _xCampeche. _990295 |
| 650 | 1 | 4 |
_aSemillas _xInvestigación. _9103907 |
| 650 | 1 | 4 |
_aSemillas _xMejoramiento. |
| 901 | _aBK | ||
| 911 | _aen proceso | ||
| 942 | _cFOLL | ||
| 949 |
_aFolleto 17760 _bBC _cFOLL _d33724002120520 _eTS1 _i110848 _sb |
||
| 999 |
_c99190 _d99190 |
||